U.S. States by State Mammal - Statistics

General Stats
  • This quiz has been taken 61 times
  • The average score is 27 of 48
Answers on the Map
Answers color-coded by a green-red scale on the quiz's map according to % correct below.
 
Answer Stats
Hint Answer % Correct
Alaska Moose
80%
Maine Moose
80%
Arkansas White-tailed Deer
80%
Georgia White-tailed Deer
80%
Illinois White-tailed Deer
80%
Michigan White-tailed Deer
80%
Mississippi White-tailed Deer
80%
Nebraska White-tailed Deer
80%
New Hampshire White-tailed Deer
80%
Ohio White-tailed Deer
80%
Pennsylvania White-tailed Deer
80%
South Carolina White-tailed Deer
80%
Kansas American Bison
78%
Oklahoma American Bison
78%
Wyoming American Bison
78%
New York Beaver
78%
Oregon Beaver
78%
California Grizzly Bear
76%
Montana Grizzly Bear
76%
New Mexico American Black Bear
73%
West Virginia American Black Bear
73%
Alabama Black Bear
71%
Louisiana Black Bear
71%
Utah Rocky Mountain Elk
57%
South Dakota Coyote
53%
Idaho Horse
53%
Maryland Horse
53%
New Jersey Horse
53%
Vermont Morgan Horse
53%
North Dakota Nokota Horse
53%
Massachusetts Tabby Cat
53%
Wisconsin American Badger
49%
Delaware Gray Fox
49%
Florida Florida Panther
43%
Tennessee Raccoon
39%
North Carolina Eastern Gray Squirrel
37%
Kentucky Gray Squirrel
37%
Texas Longhorn
37%
Virginia Big-eared Bat
27%
Washington Olympic Marmot
22%
Nevada Desert Bighorn Sheep
20%
Hawaii Hawaiian Monk Seal
20%
Missouri Missouri Mule
20%
Colorado Rocky Mountain Bighorn Sheep
20%
Minnesota Eastern Timber Wolf
14%
Arizona Ringtail
12%
Connecticut Sperm Whale
12%
Rhode Island Harbor Seal
4%
No matching quizzes found
Score Distribution
Percent of People with Each Score
Percentile by Number Answered
Your Score History
You have not taken this quiz